| 000 | 00678nam a2200205 i 4500 | ||
|---|---|---|---|
| 001 | 84167 | ||
| 003 | ES-MaACL | ||
| 005 | 20250910063107.0 | ||
| 007 | t| | ||
| 008 | 041119s1958 sp ||||1| spa d | ||
| 100 | 1 |
_aJames, Henry, _d1843-1916 _9242228 |
|
| 245 | 1 | 0 |
_aObras escogidas / _cHenry James ; traducción del inglés y prólogo de Amando Lázaro Ros. |
| 260 |
_a[Madrid] : _bAguilar, _c[1958] ( _fOrbe) |
||
| 300 |
_a1199 p., 1 lám. ; _c18 cm. |
||
| 490 | 1 | _aBiblioteca de autores modernos | |
| 700 | 1 |
_aLázaro Ros, Amando. _970807 |
|
| 830 | 0 |
_aBiblioteca de autores modernos _9180767 |
|
| 852 |
_aES-MaACL _jC-14769 _bR.42371 |
||
| 999 |
_c84167 _d84167 |
||